| 000 | 00435nam a2200193Ia 4500 | ||
|---|---|---|---|
| 005 | 20250603144904.0 | ||
| 008 | 250603s9999 xx 000 0 und d | ||
| 020 | _a978-007-125952-1 | ||
| 050 | _aHD 62.5 .H577/ | ||
| 100 | _aHisrich, Robert D. | ||
| 245 | 0 | _aEntrepreneurship | |
| 250 | _a7th ed. | ||
| 260 | _aSingapore | ||
| 260 | _bMcGraw-Hill | ||
| 260 | _c2008 | ||
| 300 | _a648 p | ||
| 650 | _aSingapore | ||
| 942 | _cBK | ||
| 999 |
_c40248 _d40248 |
||